00641nam a2200193Ia 4500003000900000008004100009020001800050040001600068080002300084245009200107260003700199300001400236490005100250650004100301650002500342650002800367700002300395700002900418IN-BaIIA211028s9999 xx 000 0 eng d a90-277-2763-5 cIIA Library a52(082.1)bASS-147 0aMillimetre and submillimetre astronomycedited by R. D. Wolstencroft and W. B. Burton  aDordrechtbKluwer Academicc1988 axi, 391p. aAstrophysics and space science library; v. 147 aAstronomy and astrophysics thesaurus aMillimeter astronomy aSubmillimeter astronomy aBurton, W. B., ed. aWolstencroft, R. D., ed.